<?xml version="1.0" encoding="UTF-8"?>
<record
    xmlns:xsi="http://www.w3.org/2001/XMLSchema-instance"
    xsi:schemaLocation="http://www.loc.gov/MARC21/slim http://www.loc.gov/standards/marcxml/schema/MARC21slim.xsd"
    xmlns="http://www.loc.gov/MARC21/slim">

  <leader>01953agaaa2200313   4500</leader>
  <controlfield tag="001">7209</controlfield>
  <controlfield tag="003">IT-RoPAU</controlfield>
  <controlfield tag="005">20220918181234.0</controlfield>
  <controlfield tag="007">d cvaizq</controlfield>
  <controlfield tag="008">50131s9999||||xx ||| |     ||   ||und||</controlfield>
  <datafield tag="040" ind1=" " ind2=" ">
    <subfield code="a">IT-RoPAU</subfield>
    <subfield code="c">IT-RoPAU</subfield>
  </datafield>
  <datafield tag="041" ind1=" " ind2=" ">
    <subfield code="a">ITALIANO</subfield>
  </datafield>
  <datafield tag="100" ind1=" " ind2=" ">
    <subfield code="a">Howitt Peter</subfield>
    <subfield code="g">Codice regista SPICS: 53801</subfield>
    <subfield code="9">42244</subfield>
  </datafield>
  <datafield tag="130" ind1=" " ind2=" ">
    <subfield code="a">SLIDING DOORS</subfield>
    <subfield code="9">42245</subfield>
  </datafield>
  <datafield tag="245" ind1=" " ind2=" ">
    <subfield code="a">SLIDING DOORS</subfield>
    <subfield code="c">Prodotto da: Pollack S. Horberg W -- Sceneggiatura: Howitt Peter -- Diretto da: Howitt Peter</subfield>
    <subfield code="p">SLIDING DOORS (Rif. Codice opera principale : H7209)</subfield>
  </datafield>
  <datafield tag="250" ind1=" " ind2=" ">
    <subfield code="a">Edizione Standard</subfield>
  </datafield>
  <datafield tag="260" ind1=" " ind2=" ">
    <subfield code="a">USA (UK - USA)</subfield>
    <subfield code="b">MIRAGE / Distribuzione: MESSAGGERIE MUSICALI</subfield>
    <subfield code="g">"1998 (1&#xB0; ed.: 2007 ; Ed. Lingua Orig.: 1998)"</subfield>
  </datafield>
  <datafield tag="300" ind1=" " ind2=" ">
    <subfield code="a">DVD</subfield>
    <subfield code="b">sonoro, col.</subfield>
    <subfield code="c">105 minuti</subfield>
  </datafield>
  <datafield tag="508" ind1=" " ind2=" ">
    <subfield code="a">"Fotografia: Adefarasin Remi; Montaggio: Smith John; Musica: Hirschfelder David; Sceneggiatura: Howitt Peter; Scenografia: Djurkovic Maria; "</subfield>
  </datafield>
  <datafield tag="511" ind1=" " ind2=" ">
    <subfield code="a">"Paltrow Gwyneth; Hannah John; Lynch John; Tripplehorn Jeanne; Turner Zara; Young Nina"</subfield>
  </datafield>
  <datafield tag="520" ind1=" " ind2=" ">
    <subfield code="a">"CHE COSA SUCCEDEREBBE A UNA PERSONA SE, UN GIORNO, PER COLPA (O MERITO) DIUN FATTO BANALE COME LA CHIUSURA DELLE PORTE DELLA METROPOLITANA, LA SUA VITA PRENDESSE UNA PIEGA INASPETTATA? ANZI DUE. PERCHE' DI HELEN IL REGISTA RACCONTA LE DUE VITE PARALLELE: QUELLA DI HELEN CHE PRENDE QUEL TRENO E QUELLA DI HELEN CHE LO PERDE. CONTENUTI EXTRA: SPECIALE BACKSTAGE DEL FILM; NOTE DI PRODUZIONE; VIDEOCLIP TURN BACK TIME DEGLI AQUA; STORIA DEL FILM RACCONTATA DAI SUOI CREATORI; FILMOGRAFIE E NOTE BIOGRAFICHE; TRAILER CINEMA ORIGINALE."</subfield>
  </datafield>
  <datafield tag="538" ind1=" " ind2=" ">
    <subfield code="a">PAL, STEREO</subfield>
  </datafield>
  <datafield tag="546" ind1=" " ind2=" ">
    <subfield code="a">ITALIANO</subfield>
  </datafield>
  <datafield tag="650" ind1=" " ind2=" ">
    <subfield code="a">DRAMMA - ROMANTIC</subfield>
    <subfield code="e">DVD-FILM [DVD]</subfield>
    <subfield code="x">Codice MATERIA SPICS: 9947</subfield>
    <subfield code="9">36786</subfield>
  </datafield>
  <datafield tag="700" ind1=" " ind2=" ">
    <subfield code="a">Hirschfelder David</subfield>
    <subfield code="e">(musica)</subfield>
    <subfield code="g">Codice Musica SPICS: 50365</subfield>
    <subfield code="9">42246</subfield>
  </datafield>
  <datafield tag="700" ind1=" " ind2=" ">
    <subfield code="a">Howitt Peter </subfield>
    <subfield code="e">(regista)</subfield>
    <subfield code="g">Codice regista SPICS: 53801</subfield>
    <subfield code="9">42247</subfield>
  </datafield>
  <datafield tag="700" ind1=" " ind2=" ">
    <subfield code="a">Howitt Peter </subfield>
    <subfield code="e">(soggetto)</subfield>
    <subfield code="g">Codice Soggetto SPICS: 53801</subfield>
    <subfield code="9">42248</subfield>
  </datafield>
  <datafield tag="942" ind1=" " ind2=" ">
    <subfield code="c">DV</subfield>
    <subfield code="2">ddc</subfield>
  </datafield>
  <datafield tag="999" ind1=" " ind2=" ">
    <subfield code="c">105588</subfield>
    <subfield code="d">105588</subfield>
  </datafield>
  <datafield tag="952" ind1=" " ind2=" ">
    <subfield code="0">0</subfield>
    <subfield code="1">0</subfield>
    <subfield code="4">0</subfield>
    <subfield code="6">H_7209_000000000000000</subfield>
    <subfield code="7">1</subfield>
    <subfield code="a">SPICS</subfield>
    <subfield code="b">SPICS</subfield>
    <subfield code="d">2015-01-31</subfield>
    <subfield code="l">0</subfield>
    <subfield code="o">H7209</subfield>
    <subfield code="r">2015-01-31 00:00:00</subfield>
    <subfield code="w">2015-01-31</subfield>
    <subfield code="y">DV</subfield>
    <subfield code="z">Progr. Ins.: 3546 / N.Vol.:1 / Copie: 1 / Pag.:0 / Copia rara: n.d. / date import: 1.2.2015 / By Epidotti, Trombetti, Vaglietti</subfield>
  </datafield>
</record>
